| 000 | 00791nam a2200229 i 4500 | ||
|---|---|---|---|
| 001 | 83517 | ||
| 003 | ES-MaACL | ||
| 005 | 20240524062955.0 | ||
| 007 | t| | ||
| 008 | 041117s1987 sp ||||1| spa d | ||
| 020 | _a84-85354-26-2 | ||
| 100 | 0 |
_aIrving, Washington, _d1783-1859 _965506 |
|
| 245 | 1 | 0 |
_aRip Van Winkle / _cpor Washington Irving ; ilustraciones de Arthur Rackham ; prólogo y traducción de Carmen Bravo-Villasante. |
| 260 |
_aPalma de Mallorca : _bJosé J. de Olañeta, _c1987. |
||
| 300 |
_a122 p. : _bil. ; _c24 cm. |
||
| 490 | 1 |
_aHesperus ; _v2 |
|
| 700 | 1 |
_aRackhman, Arthur. _994896 |
|
| 700 | 1 |
_aBravo-Villasante, Carmen, _d1918-1994 _931507 |
|
| 830 | 0 |
_aHesperus ; _v2 _9177365 |
|
| 852 |
_aES-MaACL _jL-12872 _bR.114907 |
||
| 999 |
_c83517 _d83517 |
||